| 000 | 00848nam a22002177a 4500 | ||
|---|---|---|---|
| 005 | 2012100400290.0 | ||
| 010 | _aB-456376 | ||
| 020 |
_a9780143028673 _c325.00 |
||
| 035 | _aB-456376 | ||
| 037 |
_adpl _bK.K.Pub/Ven |
||
| 082 | _a330 | ||
| 100 |
_aArun Kumar _91055 |
||
| 245 |
_aThe Black Economy in India / _cby Arun Kumar |
||
| 260 |
_aNew Delhi _bPenguin Group _c2002 |
||
| 270 |
_a11 Community Centre, Panchsheel Park, _bNew Delhi _e110017 |
||
| 300 | 3 |
_a354p. _c21 cm (pbk) |
|
| 500 | _ait includes bibliogrphical references and index | ||
| 942 |
_2ddc _cEN _h330 _mARU |
||
| 999 |
_c70506 _d70506 |
||